00641 2200253 4500001002100000005001700021008004100038020002200079035002400101040001200125041000800137082001300145090001900158100001000177245003300187250001000220260003400230300003000264504002800294650001700322990001600339990001600355990001600371YOGYA-0113000000117820130119095923.0 ind  a978-602-8545-68-6 0010-011300000001178 aYOPDYOG aInd aRT 398.8 aRT 398.8 Nga U aNGADI aUnen-unen bahasa JawacNGADI aCet.1 aYogyakart abGava Mediac2012 aVI, 84 hlmc21 cm (3 eks) aBibliografi: hlm. 82-83 aPepatah Jawa a504-PD/B.12 a503-PD/B.12 a502-PD/B.12